Miasta w woj. dolnośląskim - nagła śmierć - Statystyki

Ogólne statystyki
  • Ten quiz został rozwiązany 85 razy
  • Średni wynik to 20 z 36
Answers on the Grid
Answers color-coded by a green-red scale on the quiz's grid according to % correct below.
Wrocław
Legnica
Wałbrzych
Jelenia Góra
Głogów
Lubin
Polkowice
Oleśnica
Trzebnica
Oława
Jelcz-Laskowice
Kąty Wrocławskie
Brzeg Dolny
Wołów
Bolesławiec
Zgorzelec
Lwówek Śląski
Środa Śląska
Świdnica
Jawor
Kamienna Góra
Karpacz
Kłodzko
Niemcza
Dzierżoniów
Ząbkowice Śląskie
Bardo
Bierutów
Żmigród
Ścinawa
Bogatynia
Złotoryja
Szklarska Poręba
Bielawa
Milicz
Strzelin
Paczków
Nysa
Brzeg
Namysłów
Nowa Sól
Żary
Żagań
Siemianowice Śląskie
Wodzisław Śląski
Cieszyn
Leszno
Rawicz
Kalisz
Kępno
Wschowa
Brzesko
Krotoszyn
Otmuchów
Prudnik
Ruda Śląska
 
Statystyki odpowiedzi
Odpowiedź % Poprawnych
Legnica
74%
Wrocław
74%
Świdnica
69%
Głogów
67%
Bolesławiec
64%
Jelenia Góra
64%
Karpacz
64%
Kąty Wrocławskie
64%
Kłodzko
64%
Szklarska Poręba
64%
Złotoryja
64%
Wałbrzych
62%
Zgorzelec
62%
Jawor
60%
Bogatynia
57%
Trzebnica
57%
Jelcz-Laskowice
55%
Lubin
55%
Milicz
55%
Oleśnica
55%
Bardo
52%
Kamienna Góra
52%
Oława
52%
Polkowice
52%
Środa Śląska
52%
Brzeg Dolny
50%
Ząbkowice Śląskie
50%
Bielawa
48%
Bierutów
48%
Lwówek Śląski
48%
Żmigród
48%
Dzierżoniów
45%
Wołów
45%
Ścinawa
43%
Strzelin
43%
Niemcza
40%
Nie znaleziono quizów pasujących do podanych kryteriów
Rozkład punktacji
Procent ludzi z każdym wynikiem
Percentyl według liczby udzielonych odpowiedzi
Twoja historia wyników
Nie rozwiązałeś tego quizu